Famous Captains Quiz Stats

 Plays Quiz Updated Feb 16, 2012

Challenge
Share
Tweet
Embed
Score 0/24 Timer 06:00
1 Play Today
Hint Answer % Correct
'Peter Pan' villainCaptain James Hook
94.6%
Marvel Comics alter ego of Steve RogersCaptain America
81.1%
Brand of rum named after a pirateCaptain Morgan
80.7%
William Shatner's breakthrough roleCaptain James T. Kirk
77.5%
Mustachioed breakfast cereal mascotCap'n Crunch
76.6%
Commander of the Pequod in 'Moby Dick'Captain Ahab
58%
Main character in a 1990s animated series with an environmental focusCaptain Planet
52.7%
Children's TV show host, 1955-84Captain Kangaroo
50.6%
Jules Verne creation who commands the NautilusCaptain Nemo
48.3%
Song on Billy Joel's 'Piano Man' albumCaptain Jack
47.2%
18th-century explorer who was the first European to visit HawaiiCaptain James Cook
44.3%
Walt Whitman poem that pays tribute to Abraham LincolnO Captain! My Captain!
42.6%
Hint Answer % Correct
Austrian captain from 'The Sound of Music'Captain Georg von Trapp
35.6%
1970s musical duo known for 'Love Will Keep Us Together'Captain and Tennille
35.4%
Prehistoric cartoon character voiced by Mel BlancCaptain Caveman
28.7%
DC Comics alter ego of Billy BatsonCaptain Marvel
21.4%
Hero in a series of children's books by Dav PilkeyCaptain Underpants
21%
Bearded WWF wrestling manager who had frequent cameos in Cyndi Lauper's music videosCaptain Lou Albano
20.7%
1992 Kurt Russell/Martin Short comedyCaptain Ron
17.8%
British Royal Navy officer who was the victim of the mutiny on the HMS BountyCaptain Bligh
17.2%
Novel set in World War II turned into a 2001 Nicolas Cage filmCaptain Corelli's Mandolin
14.5%
Disney 3D movie starring Michael JacksonCaptain Eo
13.1%
2004 movie with Jude Law in the title roleSky Captain and the World of Tomorrow
11.3%
Tintin's best friendCaptain Haddock
7.6%

You're not logged in!

Compare scores with friends on all Sporcle quizzes.
OR
Log In

You Might Also Like...

Show Comments

Extras

Top Quizzes Today


Score Distribution

Your Account Isn't Verified!

In order to create a playlist on Sporcle, you need to verify the email address you used during registration. Go to your Sporcle Settings to finish the process.

Report this User

Report this user for behavior that violates our Community Guidelines.

Details: